000 00250nam a2200097 a 4500
005 20201002034450.0
008 130911s2004 000 spa d
245 0 _aNovelas escogidas de voltaire.
260 _aParis--,
_cs. f.-- 387 p.
999 _c40393
_d40393
040 _aDO-SdBNP